00386 2200157 4500001002100000005001500021008004100036020002200077035001900099041000700118082001000125090001600135100002300151245004500174260000900219INLIS00000000000133120220725120107220725||||||||| | ||| |||| || |  a978-602-9371-30-7 0010-0722001331 aid0 a635.6 a635.6 Bro u0 aBrotoadji, Soewito00aUntung Besar bertanam cabai di lahan pot c2012